<?xml version="1.0" encoding="UTF-8"?>
<record
    xmlns:xsi="http://www.w3.org/2001/XMLSchema-instance"
    xsi:schemaLocation="http://www.loc.gov/MARC21/slim http://www.loc.gov/standards/marcxml/schema/MARC21slim.xsd"
    xmlns="http://www.loc.gov/MARC21/slim">

  <leader>00420nam a2200157Ia 4500</leader>
  <controlfield tag="005">20250327172349.0</controlfield>
  <controlfield tag="008">240404s9999    xx            000 0 und d</controlfield>
  <datafield tag="020" ind1=" " ind2=" ">
    <subfield code="a">97893899656282</subfield>
  </datafield>
  <datafield tag="082" ind1=" " ind2=" ">
    <subfield code="a">343.09&#xA0;DIV;1 &#xA0;R</subfield>
  </datafield>
  <datafield tag="100" ind1=" " ind2=" ">
    <subfield code="a">Divan, Madhvi Goradia. Sorabjee, Soli J.</subfield>
  </datafield>
  <datafield tag="245" ind1=" " ind2="0">
    <subfield code="a">Facets of media law</subfield>
  </datafield>
  <datafield tag="250" ind1=" " ind2=" ">
    <subfield code="a">2nd ed.</subfield>
  </datafield>
  <datafield tag="260" ind1=" " ind2=" ">
    <subfield code="c">2013</subfield>
    <subfield code="b">Eastern Book Company</subfield>
    <subfield code="a">Lucknow</subfield>
  </datafield>
  <datafield tag="300" ind1=" " ind2=" ">
    <subfield code="a">xlviii, 638</subfield>
  </datafield>
  <datafield tag="942" ind1=" " ind2=" ">
    <subfield code="c">AA</subfield>
  </datafield>
  <datafield tag="999" ind1=" " ind2=" ">
    <subfield code="c">296331</subfield>
    <subfield code="d">296331</subfield>
  </datafield>
  <datafield tag="952" ind1=" " ind2=" ">
    <subfield code="r">2024-04-04 00:00:00</subfield>
    <subfield code="l">0</subfield>
    <subfield code="o">343.09&#xA0;DIV;1 R</subfield>
    <subfield code="p">LL3090</subfield>
    <subfield code="J">NULL</subfield>
    <subfield code="v">464.10</subfield>
    <subfield code="w">2024-04-04</subfield>
    <subfield code="y">LL</subfield>
    <subfield code="1">0</subfield>
    <subfield code="2">ddc</subfield>
    <subfield code="4">0</subfield>
    <subfield code="7">0</subfield>
    <subfield code="0">0</subfield>
    <subfield code="K">1518</subfield>
    <subfield code="L">16/03/2024</subfield>
    <subfield code="a">LAW</subfield>
    <subfield code="b">LAW</subfield>
    <subfield code="c">LAW</subfield>
    <subfield code="d">2024-03-22</subfield>
    <subfield code="e">MPP House</subfield>
    <subfield code="g">595.00</subfield>
    <subfield code="E">Law</subfield>
    <subfield code="G">RS</subfield>
    <subfield code="F">1</subfield>
    <subfield code="V">22</subfield>
    <subfield code="U">Percentage</subfield>
  </datafield>
  <datafield tag="952" ind1=" " ind2=" ">
    <subfield code="r">2024-11-15 00:00:00</subfield>
    <subfield code="l">2</subfield>
    <subfield code="o">343.09&#xA0;DIV;2 R1</subfield>
    <subfield code="p">LL3091</subfield>
    <subfield code="J">NULL</subfield>
    <subfield code="s">2024-10-18</subfield>
    <subfield code="v">464.10</subfield>
    <subfield code="w">2024-04-04</subfield>
    <subfield code="y">LL</subfield>
    <subfield code="1">0</subfield>
    <subfield code="2">ddc</subfield>
    <subfield code="4">0</subfield>
    <subfield code="7">0</subfield>
    <subfield code="0">0</subfield>
    <subfield code="K">1518</subfield>
    <subfield code="L">16/03/2024</subfield>
    <subfield code="a">LAW</subfield>
    <subfield code="b">LAW</subfield>
    <subfield code="c">LAW</subfield>
    <subfield code="d">2024-03-22</subfield>
    <subfield code="e">MPP House</subfield>
    <subfield code="g">595.00</subfield>
    <subfield code="E">Law</subfield>
    <subfield code="G">RS</subfield>
    <subfield code="F">1</subfield>
    <subfield code="V">22</subfield>
    <subfield code="U">Percentage</subfield>
  </datafield>
</record>
